书目信息 |
| 题名: |
脑血管病防治200问
|
|
| 作者: | 孙斌 , 王安珍 主编 | |
| 分册: | ||
| 出版信息: | 北京 金盾出版社 1992.7 |
|
| 页数: | 194页 | |
| 开本: | 19cm | |
| 丛书名: | ||
| 单 册: | ||
| 中图分类: | R743 , R743-44 | |
| 科图分类: | ||
| 主题词: | 脑血管疾病--防治 , 神经病学 , 精神病学 | |
| 电子资源: | ||
| ISBN: | 7-80022-459-7 | |
| 000 | 01028nam0 2200313 45 | |
| 001 | 0192016191 | |
| 005 | 20040524082225.4 | |
| 010 | @a7-80022-459-7@dCNY5.20 | |
| 020 | @aCN@b92016191 | |
| 092 | @a科技271-173 | |
| 100 | @a19921211d1992 em y0chiy0121 ea | |
| 101 | 0 | @achi |
| 102 | @aCN@b110000 | |
| 105 | @ay z 000yy | |
| 106 | @ar | |
| 200 | 10 | @a脑血管病防治200问@Anao xue guan bing fang zhi 200 wen@f孙 斌,王安珍主编@Fsun bin wang an zhen zhu bian |
| 210 | @a北京@c金盾出版社@d1992.7 | |
| 215 | @a194页@d19cm | |
| 330 | @a本书概述了脑血管的一般知识,详细介绍了常见的脑动脉硬化症、脑血栓形成、脑栓塞、暂时性脑缺血发作、高血压脑病、出血性脑血管病等的诊断和预防康复知识。 | |
| 540 | 1 | @a脑血管病@Anao xue guan bing fang zhi |
| 606 | @a脑血管疾病@x防治 | |
| 606 | 0 | @a神经病学 |
| 606 | 0 | @a精神病学 |
| 690 | @aR743@v3 | |
| 690 | @aR743-44 | |
| 701 | 0 | @a孙斌@Asun bin@4主编 |
| 701 | 0 | @a王安珍@Awang an zhen@4主编 |
| 801 | 0 | @aCN@bNLC@c19921211 |
| 905 | @f1@b269431@f0@f1@b269432@dR743-44@e10 | |
| 脑血管病防治200问/孙 斌,王安珍主编.-北京:金盾出版社,1992.7 |
| 194页;19cm |
| ISBN 7-80022-459-7:CNY5.20 |
| 本书概述了脑血管的一般知识,详细介绍了常见的脑动脉硬化症、脑血栓形成、脑栓塞、暂时性脑缺血发作、高血压脑病、出血性脑血管病等的诊断和预防康复知识。 |
| ● |
| 相关链接 |
|
|
|
|
正题名:脑血管病防治200问
索取号:R743-44/10
 
预约/预借
| 序号 | 登录号 | 条形码 | 馆藏地/架位号 | 状态 | 备注 |
| 1 | 0269430 | 000715774 | 第二样本阅览室/ [索取号:R743-44/10] | 在馆 | |
| 2 | 0269431 | 000715809 | 第三借阅区/ [索取号:R743-44/10] | 在馆 | |
| 3 | 0269432 | 000715836 | 第三借阅区/ [索取号:R743-44/10] | 在馆 |